| 000 | 00000nam##2200000za#4500 |
| 001 | 9.600388 |
| 003 | CaOODSP |
| 005 | 20210624205545 |
| 007 | cr ||||||||||| |
| 008 | 150406|2003||||xxc|||||o f|0| 0 fre|d |
| 040 | |aCaOODSP|bfre |
| 043 | |an-cn--- |
| 086 | 1 |aNH15-413/2003F-PDF |
| 110 | 2 |aSociété canadienne d'hypothèques et de logement. |
| 245 | 10|aAnalyse documentaire des tendances socioéconomiques influant sur les marchés de l'habitation et de la consommation : |h[ressource électronique]|brapport final / |cproduit par Rural and Small Town Programme, Mount Allison University et Institute of Urban Studies, Université de Winnipeg. |
| 260 | |bSociété canadienne d'hypothèques et de logement |c2003. |
| 300 | |a137p. |
| 490 | 1 |aRapport de recherche. Série sur le logement abordable et le financement de l'habitation |
| 500 | |aLe n° de catalogue (NH-15-413/2003F) et l'ISBN (0-662-75602-9) de l'édition imprimée bilingue ont été incorrectement copiés dans cette édition électronique. |
| 504 | |aBibliographie. |
| 590 | |a11-04-Supp|b2011-02-17 |
| 775 | 08|tLiterature review of socio-economic trends affecting consumers and housing markets : |w(CaOODSP)9.569149 |
| 830 | #0|aRapport de recherche. Série sur le logement abordable et le financement de l'habitation.|w(CaOODSP)9.501301 |
| 856 | 40|ahttp://publications.gc.ca|qPDF|s662 Ko|uhttps://publications.gc.ca/collections/collection_2011/schl-cmhc/nh18-1-1/NH15-413-2003-fra.pdf |